[Event "Hoogeveen Open"]
[Site "Hoogeveen, Netherlands"]
[Date "2018.10.22"]
[Round "4.6"]
[White "Kuipers, Stefan"]
[Black "Miedema, David"]
[Result "1-0"]
[WhiteElo "2467"]
[BlackElo "2379"]

1. e4 {[%clk 01:30:58]} {[%emt 00:00:02]} e6 {[%clk 01:30:57]} {[%emt
00:00:03]} 2. d4 {[%clk 01:31:23]} {[%emt 00:00:05]} d5 {[%clk 01:31:24]}
{[%emt 00:00:03]} 3. Nc3 {[%clk 01:31:48]} {[%emt 00:00:05]} Bb4 {[%clk
01:31:50]} {[%emt 00:00:04]} 4. e5 {[%clk 01:32:12]} {[%emt 00:00:07]} Ne7
{[%clk 01:32:17]} {[%emt 00:00:03]} 5. a3 {[%clk 01:31:43]} {[%emt 00:00:59]}
Bxc3+ {[%clk 01:32:34]} {[%emt 00:00:13]} 6. bxc3 {[%clk 01:32:07]} {[%emt
00:00:06]} c5 {[%clk 01:32:19]} {[%emt 00:00:45]} 7. a4 {[%clk 01:31:43]}
{[%emt 00:00:54]} Qc7 {[%clk 01:32:43]} {[%emt 00:00:06]} 8. Nf3 {[%clk
01:31:37]} {[%emt 00:00:36]} h6 {[%clk 01:33:06]} {[%emt 00:00:07]} 9. h4
{[%clk 01:30:46]} {[%emt 00:01:21]} Nbc6 {[%clk 01:33:14]} {[%emt 00:00:22]} 10.
Be2 {[%clk 01:14:21]} {[%emt 00:16:54]} cxd4 {[%clk 01:30:12]} {[%emt
00:03:32]} 11. cxd4 {[%clk 01:14:46]} {[%emt 00:00:05]} Nb4 {[%clk 01:30:40]}
{[%emt 00:00:02]} 12. O-O {[%clk 01:08:45]} {[%emt 00:06:30]} Qxc2 {[%clk
01:27:29]} {[%emt 00:03:42]} 13. Qe1 {[%clk 01:03:33]} {[%emt 00:05:43]} Nec6
{[%clk 01:25:09]} {[%emt 00:02:50]} 14. Bb5 {[%clk 00:57:49]} {[%emt 00:06:14]}
Bd7 {[%clk 01:16:50]} {[%emt 00:08:49]} 15. a5 {[%clk 00:41:45]} {[%emt
00:16:34]} Nd3 {[%clk 01:01:45]} {[%emt 00:15:36]} 16. Qd2 {[%clk 00:21:44]}
{[%emt 00:20:31]} Qxd2 {[%clk 00:59:27]} {[%emt 00:02:47]} 17. Bxd2 {[%clk
00:22:08]} {[%emt 00:00:06]} Ncxe5 {[%clk 00:47:13]} {[%emt 00:12:42]} 18. Bxd3
{[%clk 00:21:26]} {[%emt 00:01:14]} Nxd3 {[%clk 00:47:39]} {[%emt 00:00:04]} 19.
Rfb1 {[%clk 00:21:50]} {[%emt 00:00:06]} a6 {[%clk 00:47:04]} {[%emt 00:01:06]}
20. Ra3 {[%clk 00:20:35]} {[%emt 00:01:45]} Bb5 {[%clk 00:33:44]} {[%emt
00:13:49]} 21. Rxb5 {[%clk 00:20:37]} {[%emt 00:00:29]} axb5 {[%clk 00:34:11]}
{[%emt 00:00:03]} 22. Rxd3 {[%clk 00:21:03]} {[%emt 00:00:04]} f6 {[%clk
00:30:26]} {[%emt 00:04:15]} 23. Rb3 {[%clk 00:20:52]} {[%emt 00:00:40]} b6
{[%clk 00:29:21]} {[%emt 00:01:35]} 24. axb6 {[%clk 00:19:05]} {[%emt
00:02:17]} Kd7 {[%clk 00:28:18]} {[%emt 00:01:33]} 25. Rxb5 {[%clk 00:18:40]}
{[%emt 00:00:55]} Kc6 {[%clk 00:28:44]} {[%emt 00:00:04]} 26. Rb1 {[%clk
00:18:57]} {[%emt 00:00:13]} Rhb8 {[%clk 00:28:23]} {[%emt 00:00:51]} 27. Bf4
{[%clk 00:17:46]} {[%emt 00:01:41]} Rxb6 {[%clk 00:28:48]} {[%emt 00:00:05]} 28.
Rc1+ {[%clk 00:18:11]} {[%emt 00:00:05]} Kb5 {[%clk 00:29:11]} {[%emt
00:00:07]} 29. h5 {[%clk 00:18:03]} {[%emt 00:00:38]} Rb7 {[%clk 00:23:20]}
{[%emt 00:06:21]} 30. Nd2 {[%clk 00:16:12]} {[%emt 00:02:21]} Re7 {[%clk
00:22:52]} {[%emt 00:00:58]} 31. Rb1+ {[%clk 00:12:33]} {[%emt 00:04:10]} Kc6
{[%clk 00:23:18]} {[%emt 00:00:04]} 32. Nb3 {[%clk 00:12:00]} {[%emt 00:01:02]}
e5 {[%clk 00:20:55]} {[%emt 00:02:54]} 33. Be3 {[%emt 00:02:04]} Rb7 {[%clk
00:19:33]} 34. Rc1+ {[%clk 00:12:30]} {[%emt 00:00:18]} Kd6 {[%clk 00:19:58]}
{[%emt 00:00:04]} 35. Nd2 {[%clk 00:12:10]} {[%emt 00:00:50]} Ra2 {[%clk
00:14:08]} {[%emt 00:06:19]} 36. Nf3 {[%clk 00:09:08]} {[%emt 00:03:33]} Ra8
{[%clk 00:12:27]} {[%emt 00:02:12]} 37. Nh4 {[%clk 00:08:23]} {[%emt 00:01:15]}
Ke6 {[%clk 00:11:56]} {[%emt 00:01:01]} 38. g4 {[%clk 00:07:55]} {[%emt
00:00:58]} Kf7 {[%clk 00:06:19]} {[%emt 00:06:07]} 39. Nf5 {[%clk 00:07:28]}
{[%emt 00:00:57]} Rd7 {[%clk 00:04:53]} {[%emt 00:01:57]} 40. Rc6 {[%clk
00:07:18]} {[%emt 00:00:40]} exd4 {[%clk 00:03:54]} {[%emt 00:01:29]} 41. Bxd4
{[%clk 00:05:45]} {[%emt 00:02:03]} Kg8 {[%clk 00:03:49]} {[%emt 00:00:35]} 42.
Kg2 {[%clk 00:05:02]} {[%emt 00:01:13]} Kf7 {[%clk 00:02:36]} {[%emt 00:01:43]}
43. Kg3 {[%clk 00:03:21]} {[%emt 00:02:12]} Kg8 {[%clk 00:02:58]} {[%emt
00:00:07]} 44. Rb6 {[%clk 00:29:40]} {[%emt 00:04:11]} Kh7 {[%clk 00:31:24]}
{[%emt 00:02:05]} 45. Kf4 {[%clk 00:28:50]} {[%emt 00:01:20]} Re8 {[%clk
00:30:59]} {[%emt 00:00:55]} 46. Kf3 {[%clk 00:27:08]} {[%emt 00:02:12]} Ra8
{[%clk 00:29:59]} {[%emt 00:01:30]} 47. Re6 {[%clk 00:25:58]} {[%emt 00:01:39]}
Kg8 {[%clk 00:29:34]} {[%emt 00:00:56]} 48. Kf4 {[%clk 00:24:50]} {[%emt
00:01:38]} Kf7 {[%clk 00:29:36]} {[%emt 00:00:28]} 49. Rb6 {[%clk 00:24:34]}
{[%emt 00:00:46]} Kg8 {[%clk 00:29:56]} {[%emt 00:00:10]} 50. Ne3 {[%clk
00:21:12]} {[%emt 00:03:53]} Kf7 {[%clk 00:29:30]} {[%emt 00:00:55]} 51. Rb5
{[%clk 00:21:10]} {[%emt 00:00:32]} Ra4 {[%clk 00:29:41]} {[%emt 00:00:19]} 52.
Nf5 {[%clk 00:21:28]} {[%emt 00:00:12]} Ra8 {[%clk 00:29:43]} {[%emt 00:00:28]}
53. Kg3 {[%clk 00:21:29]} {[%emt 00:00:29]} Ra3+ {[%clk 00:29:50]} {[%emt
00:00:24]} 54. Kh4 {[%clk 00:20:55]} {[%emt 00:01:03]} Ra8 {[%clk 00:29:54]}
{[%emt 00:00:26]} 55. Rb6 {[%clk 00:20:29]} {[%emt 00:00:57]} Kg8 {[%clk
00:30:04]} {[%emt 00:00:19]} 56. Kg3 {[%clk 00:20:09]} {[%emt 00:00:50]} Ra3+
{[%clk 00:30:15]} {[%emt 00:00:20]} 57. Ne3 {[%clk 00:20:25]} {[%emt 00:00:14]}
Kf7 {[%clk 00:28:58]} {[%emt 00:01:47]} 58. f3 {[%clk 00:18:07]} {[%emt
00:02:49]} Ra8 {[%clk 00:29:03]} {[%emt 00:00:24]} 59. Rb5 {[%clk 00:17:36]}
{[%emt 00:01:02]} Ra4 {[%clk 00:29:08]} {[%emt 00:00:24]} 60. Nf5 {[%clk
00:17:41]} {[%emt 00:00:25]} Ra8 {[%clk 00:29:33]} {[%emt 00:00:05]} 61. Rc5
{[%clk 00:17:33]} {[%emt 00:00:39]} Kg8 {[%clk 00:28:36]} {[%emt 00:01:22]} 62.
Rc6 {[%clk 00:17:26]} {[%emt 00:00:42]} Kh7 {[%clk 00:28:30]} {[%emt 00:00:36]}
63. Kf4 {[%clk 00:17:04]} {[%emt 00:00:53]} Kg8 {[%clk 00:25:26]} {[%emt
00:03:34]} 64. Rb6 {[%clk 00:17:07]} {[%emt 00:00:27]} Kh7 {[%clk 00:25:18]}
{[%emt 00:00:37]} 65. Re6 {[%clk 00:14:44]} {[%emt 00:02:52]} Kg8 {[%clk
00:25:42]} {[%emt 00:00:07]} 66. Nd6 {[%clk 00:13:54]} {[%emt 00:01:20]} Kh7
{[%clk 00:24:25]} {[%emt 00:01:46]} 67. Nf5 {[%clk 00:12:50]} {[%emt 00:01:34]}
Kg8 {[%clk 00:24:50]} {[%emt 00:00:05]} 68. Rc6 {[%clk 00:12:04]} {[%emt
00:01:16]} Kh7 {[%clk 00:24:48]} {[%emt 00:00:32]} 69. Ke3 {[%clk 00:10:40]}
{[%emt 00:01:54]} Ra3+ {[%clk 00:24:51]} {[%emt 00:00:28]} 70. Bc3 {[%clk
00:10:47]} {[%emt 00:00:23]} Ra8 {[%clk 00:24:32]} {[%emt 00:00:49]} 71. Kd3
{[%clk 00:10:31]} {[%emt 00:00:47]} Kg8 {[%clk 00:24:28]} {[%emt 00:00:33]} 72.
Rb6 {[%clk 00:10:46]} {[%emt 00:00:15]} Kh7 {[%clk 00:22:57]} {[%emt 00:02:00]}
73. Bb4 {[%clk 00:09:55]} {[%emt 00:01:22]} Rc8 {[%clk 00:13:26]} {[%emt
00:10:01]} 74. Nd6 {[%clk 00:08:49]} {[%emt 00:01:36]} Rcd8 {[%clk 00:11:30]}
{[%emt 00:02:26]} 75. Kd4 {[%clk 00:08:41]} {[%emt 00:00:39]} Ra7 {[%clk
00:10:45]} {[%emt 00:01:16]} 76. Kxd5 {[%clk 00:08:08]} {[%emt 00:01:03]} Re7
{[%clk 00:11:09]} {[%emt 00:00:05]} 77. Kd4 {[%clk 00:06:32]} {[%emt 00:02:06]}
Re6 {[%clk 00:11:14]} {[%emt 00:00:25]} 78. Bc5 {[%clk 00:06:31]} {[%emt
00:00:31]} Kg8 {[%clk 00:11:12]} {[%emt 00:00:31]} 79. Kd5 {[%clk 00:06:00]}
{[%emt 00:01:02]} Re7 {[%clk 00:11:16]} {[%emt 00:00:26]} 80. Ra6 {[%clk
00:05:25]} {[%emt 00:01:06]} Re5+ {[%clk 00:09:35]} {[%emt 00:02:10]} 81. Kc6
{[%clk 00:05:37]} {[%emt 00:00:17]} f5 {[%clk 00:09:29]} {[%emt 00:00:37]} 82.
gxf5 {[%clk 00:05:17]} {[%emt 00:00:50]} Rxd6+ {[%clk 00:08:53]} {[%emt
00:01:06]} 83. Bxd6 {[%clk 00:05:19]} {[%emt 00:00:27]} Rxf5 {[%clk 00:09:20]}
{[%emt 00:00:03]} 84. Ra8+ {[%clk 00:05:31]} {[%emt 00:00:17]} Kh7 {[%clk
00:09:46]} {[%emt 00:00:04]} 85. f4 {[%clk 00:05:42]} {[%emt 00:00:19]} Rxh5
{[%clk 00:09:32]} {[%emt 00:00:44]} 86. Kd7 {[%clk 00:06:00]} {[%emt 00:00:12]}
Rb5 {[%clk 00:09:07]} {[%emt 00:00:55]} 87. Ke6 {[%clk 00:06:18]} {[%emt
00:00:12]} Rb7 {[%clk 00:07:13]} {[%emt 00:02:24]} 88. f5 {[%clk 00:06:04]}
{[%emt 00:00:44]} Rb6 {[%clk 00:07:04]} {[%emt 00:00:39]} 89. Ra7 {[%clk
00:05:46]} {[%emt 00:00:49]} Kg8 {[%clk 00:07:31]} {[%emt 00:00:02]} 90. Kd5
{[%clk 00:05:08]} {[%emt 00:01:08]} Rb5+ {[%clk 00:07:50]} {[%emt 00:00:12]} 91.
Ke4 {[%clk 00:05:31]} {[%emt 00:00:08]} Rb1 {[%clk 00:07:09]} {[%emt 00:01:09]}
92. Be5 {[%clk 00:05:51]} {[%emt 00:00:11]} Rg1 {[%clk 00:07:32]} {[%emt
00:00:07]} 93. Kd5 {[%clk 00:05:51]} {[%emt 00:00:30]} Rg2 {[%clk 00:07:36]}
{[%emt 00:00:27]} 94. Ke6 {[%clk 00:05:55]} {[%emt 00:00:26]} Rg1 {[%clk
00:06:32]} {[%emt 00:01:34]} 95. Rxg7+ {[%clk 00:06:15]} {[%emt 00:00:10]} 1-0

[Event "Hoogeveen Open"]
[Site "Hoogeveen, Netherlands"]
[Date "2018.10.22"]
[Round "4.7"]
[White "Van Delft, Merijn"]
[Black "Kevlishvili, Robby"]
[Result "1-0"]
[WhiteElo "2381"]
[BlackElo "2461"]

1. e4 {[%clk 01:28:47]} {[%emt 00:02:12]} e5 {[%clk 01:27:39]} {[%emt
00:03:23]} 2. Nf3 {[%clk 01:29:08]} {[%emt 00:00:07]} Nc6 {[%clk 01:28:06]}
{[%emt 00:00:05]} 3. Bb5 {[%clk 01:29:32]} {[%emt 00:00:05]} a6 {[%clk
01:28:32]} {[%emt 00:00:05]} 4. Ba4 {[%clk 01:29:59]} {[%emt 00:00:02]} Nf6
{[%clk 01:28:57]} {[%emt 00:00:06]} 5. O-O {[%clk 01:30:20]} {[%emt 00:00:06]}
Be7 {[%clk 01:29:00]} {[%emt 00:00:30]} 6. Re1 {[%clk 01:30:29]} {[%emt
00:00:20]} b5 {[%clk 01:29:24]} {[%emt 00:00:06]} 7. Bb3 {[%clk 01:30:54]}
{[%emt 00:00:05]} d6 {[%clk 01:29:49]} {[%emt 00:00:06]} 8. c3 {[%clk
01:31:16]} {[%emt 00:00:07]} O-O {[%clk 01:30:13]} {[%emt 00:00:06]} 9. h3
{[%clk 01:31:42]} {[%emt 00:00:03]} Nb8 {[%clk 01:30:40]} {[%emt 00:00:04]} 10.
d4 {[%clk 01:31:56]} {[%emt 00:00:13]} Nbd7 {[%clk 01:30:05]} {[%emt 00:01:08]}
11. Nbd2 {[%clk 01:32:00]} {[%emt 00:00:26]} Bb7 {[%clk 01:30:31]} {[%emt
00:00:05]} 12. Bc2 {[%clk 01:32:11]} {[%emt 00:00:17]} Re8 {[%clk 01:30:54]}
{[%emt 00:00:08]} 13. a4 {[%clk 01:31:55]} {[%emt 00:00:46]} Bf8 {[%clk
01:31:12]} {[%emt 00:00:13]} 14. Bd3 {[%clk 01:32:08]} {[%emt 00:00:17]} c6
{[%clk 01:31:37]} {[%emt 00:00:05]} 15. b3 {[%clk 01:31:58]} {[%emt 00:00:39]}
g6 {[%clk 01:27:59]} {[%emt 00:04:08]} 16. Bb2 {[%clk 01:32:07]} {[%emt
00:00:20]} Bg7 {[%clk 01:28:02]} {[%emt 00:00:29]} 17. Qc2 {[%clk 01:29:09]}
{[%emt 00:03:26]} Qc7 {[%clk 01:23:28]} {[%emt 00:05:06]} 18. dxe5 {[%clk
01:24:13]} {[%emt 00:05:25]} dxe5 {[%clk 01:23:04]} {[%emt 00:00:54]} 19. b4
{[%clk 01:24:21]} {[%emt 00:00:21]} Nb6 {[%clk 01:19:04]} {[%emt 00:04:31]} 20.
a5 {[%clk 01:22:27]} {[%emt 00:02:24]} Nbd7 {[%clk 01:19:18]} {[%emt 00:00:17]}
21. c4 {[%clk 01:21:54]} {[%emt 00:01:03]} Rac8 {[%clk 01:18:12]} {[%emt
00:01:36]} 22. Rac1 {[%clk 01:15:25]} {[%emt 00:06:58]} Qb8 {[%clk 01:18:06]}
{[%emt 00:00:37]} 23. Qb3 {[%clk 01:11:38]} {[%emt 00:04:16]} Nf8 {[%clk
01:14:12]} {[%emt 00:04:25]} 24. Bb1 {[%clk 01:06:16]} {[%emt 00:05:50]} N6d7
{[%clk 01:10:29]} {[%emt 00:04:14]} 25. c5 {[%clk 00:56:29]} {[%emt 00:10:17]}
Ne6 {[%clk 01:09:22]} {[%emt 00:01:38]} 26. Nf1 {[%clk 00:55:55]} {[%emt
00:01:03]} Rcd8 {[%clk 01:06:19]} {[%emt 00:03:33]} 27. Ne3 {[%clk 00:52:54]}
{[%emt 00:03:28]} Nd4 {[%clk 01:02:38]} {[%emt 00:04:14]} 28. Nxd4 {[%clk
00:47:35]} {[%emt 00:05:49]} exd4 {[%clk 01:02:37]} {[%emt 00:00:31]} 29. Ng4
{[%clk 00:37:15]} {[%emt 00:10:49]} h5 {[%clk 00:59:52]} {[%emt 00:03:16]} 30.
e5 {[%clk 00:24:32]} {[%emt 00:13:13]} hxg4 {[%clk 00:57:09]} {[%emt 00:03:14]}
31. e6 {[%clk 00:24:49]} {[%emt 00:00:11]} Kf8 {[%clk 00:56:53]} {[%emt
00:00:48]} 32. exd7 {[%clk 00:17:47]} {[%emt 00:07:32]} Rxe1+ {[%clk 00:57:04]}
{[%emt 00:00:19]} 33. Rxe1 {[%clk 00:18:07]} {[%emt 00:00:10]} Rxd7 {[%clk
00:57:11]} {[%emt 00:00:23]} 34. hxg4 {[%clk 00:16:32]} {[%emt 00:02:05]} Qd8
{[%clk 00:54:04]} {[%emt 00:03:37]} 35. Bd3 {[%clk 00:14:22]} {[%emt 00:02:39]}
Re7 {[%clk 00:54:04]} {[%emt 00:00:31]} 36. Qd1 {[%clk 00:13:31]} {[%emt
00:01:20]} Bc8 {[%clk 00:52:34]} {[%emt 00:02:01]} 37. Re4 {[%clk 00:08:57]}
{[%emt 00:05:03]} Qd5 {[%clk 00:46:19]} {[%emt 00:06:46]} 38. Rxe7 {[%clk
00:06:37]} {[%emt 00:02:51]} Kxe7 {[%clk 00:46:42]} {[%emt 00:00:06]} 39. Bc1
{[%clk 00:06:46]} {[%emt 00:00:20]} Be6 {[%clk 00:45:37]} {[%emt 00:01:36]} 40.
Bd2 {[%clk 00:03:33]} {[%emt 00:03:41]} Kd7 {[%clk 00:42:31]} {[%emt 00:03:37]}
41. f4 {[%clk 00:29:01]} {[%emt 00:05:02]} Qa2 {[%clk 01:03:38]} {[%emt
00:09:23]} 42. f5 {[%clk 00:25:23]} {[%emt 00:04:08]} gxf5 {[%clk 01:01:36]}
{[%emt 00:02:33]} 43. gxf5 {[%clk 00:25:10]} {[%emt 00:00:41]} Bc4 {[%clk
00:58:26]} {[%emt 00:03:41]} 44. Bxc4 {[%clk 00:16:14]} {[%emt 00:09:26]} Qxc4
{[%clk 00:48:54]} {[%emt 00:10:03]} 45. Qg4 {[%clk 00:15:45]} {[%emt 00:00:59]}
d3 {[%clk 00:48:22]} {[%emt 00:01:02]} 46. Qxg7 {[%clk 00:14:19]} {[%emt
00:01:55]} Qb3 {[%clk 00:46:16]} {[%emt 00:02:37]} 47. Qd4+ {[%clk 00:14:04]}
{[%emt 00:00:44]} Kc8 {[%clk 00:46:36]} {[%emt 00:00:11]} 48. Kf2 {[%clk
00:12:26]} {[%emt 00:02:07]} Qc2 {[%clk 00:46:37]} {[%emt 00:00:30]} 49. Ke3
{[%clk 00:12:21]} {[%emt 00:00:35]} Qd1 {[%clk 00:46:52]} {[%emt 00:00:15]} 50.
Qxd3 {[%clk 00:12:11]} {[%emt 00:00:41]} Qg1+ {[%clk 00:47:01]} {[%emt
00:00:20]} 51. Ke4 {[%emt 00:00:46]} 1-0

[Event "Hoogeveen Open"]
[Site "Hoogeveen, Netherlands"]
[Date "2018.10.22"]
[Round "4.8"]
[White "Beerdsen, Thomas"]
[Black "De Jong, Migchiel"]
[Result "1/2-1/2"]
[WhiteElo "2460"]
[BlackElo "2309"]

1. e4 {[%clk 01:28:46]} {[%emt 00:02:13]} c5 {[%clk 01:29:38]} {[%emt
00:01:22]} 2. Nf3 {[%clk 01:29:06]} {[%emt 00:00:11]} e6 {[%clk 01:30:01]}
{[%emt 00:00:05]} 3. b3 {[%clk 01:29:27]} {[%emt 00:00:10]} b6 {[%clk
01:27:39]} {[%emt 00:02:50]} 4. Bd3 {[%clk 01:29:48]} {[%emt 00:00:10]} Bb7
{[%clk 01:26:53]} {[%emt 00:01:16]} 5. O-O {[%clk 01:30:03]} {[%emt 00:00:16]}
Nc6 {[%clk 01:25:43]} {[%emt 00:01:39]} 6. Re1 {[%clk 01:30:22]} {[%emt
00:00:12]} Nge7 {[%clk 01:24:55]} {[%emt 00:01:17]} 7. Bb2 {[%clk 01:28:31]}
{[%emt 00:02:22]} Ng6 {[%clk 01:24:37]} {[%emt 00:00:47]} 8. g3 {[%clk
01:20:45]} {[%emt 00:08:17]} d6 {[%clk 01:20:45]} {[%emt 00:04:21]} 9. Na3
{[%clk 01:17:28]} {[%emt 00:03:48]} a6 {[%clk 01:20:39]} {[%emt 00:00:36]} 10.
Bf1 {[%clk 01:16:36]} {[%emt 00:01:22]} b5 {[%clk 01:19:54]} {[%emt 00:01:15]}
11. c4 {[%clk 01:12:34]} {[%emt 00:04:33]} b4 {[%clk 01:19:54]} {[%emt
00:00:29]} 12. Nc2 {[%clk 01:12:59]} {[%emt 00:00:04]} e5 {[%clk 01:17:55]}
{[%emt 00:02:28]} 13. Ne3 {[%clk 01:11:37]} {[%emt 00:01:53]} Be7 {[%clk
01:17:20]} {[%emt 00:01:05]} 14. h4 {[%clk 01:10:10]} {[%emt 00:01:57]} Nf8
{[%clk 01:17:07]} {[%emt 00:00:41]} 15. Nd5 {[%clk 01:08:04]} {[%emt 00:02:38]}
Ne6 {[%clk 01:16:59]} {[%emt 00:00:37]} 16. Bh3 {[%clk 01:05:29]} {[%emt
00:03:06]} O-O {[%clk 01:16:14]} {[%emt 00:01:14]} 17. Nh2 {[%clk 01:02:02]}
{[%emt 00:03:57]} Ncd4 {[%clk 01:15:53]} {[%emt 00:00:51]} 18. Nf3 {[%clk
00:58:13]} {[%emt 00:04:21]} a5 {[%clk 01:14:32]} {[%emt 00:01:50]} 19. Nxd4
{[%clk 00:56:13]} {[%emt 00:02:30]} cxd4 {[%clk 01:12:57]} {[%emt 00:02:05]} 20.
a3 {[%clk 00:49:20]} {[%emt 00:07:23]} Bxd5 {[%clk 01:09:07]} {[%emt 00:04:18]}
21. cxd5 {[%clk 00:45:23]} {[%emt 00:04:28]} Nc5 {[%clk 01:09:27]} {[%emt
00:00:09]} 22. Bf1 {[%clk 00:45:18]} {[%emt 00:00:37]} Qd7 {[%clk 01:01:12]}
{[%emt 00:08:44]} 23. Qf3 {[%clk 00:28:12]} {[%emt 00:17:37]} 1/2-1/2

[Event "Hoogeveen Open"]
[Site "Hoogeveen, Netherlands"]
[Date "2018.10.22"]
[Round "4.9"]
[White "Ojas, Kulkarni"]
[Black "Karthikeyan, P."]
[Result "0-1"]
[WhiteElo "2254"]
[BlackElo "2443"]

1. c4 {[%clk 01:30:56]} {[%emt 00:00:03]} e5 {[%clk 01:30:06]} {[%emt
00:00:54]} 2. Nc3 {[%clk 01:31:00]} {[%emt 00:00:26]} Nf6 {[%clk 01:30:12]}
{[%emt 00:00:23]} 3. Nf3 {[%clk 01:29:34]} {[%emt 00:01:57]} Nc6 {[%clk
01:30:07]} {[%emt 00:00:35]} 4. e3 {[%clk 01:29:26]} {[%emt 00:00:38]} Bb4
{[%clk 01:28:52]} {[%emt 00:01:46]} 5. Qc2 {[%clk 01:29:43]} {[%emt 00:00:12]}
O-O {[%clk 01:28:25]} {[%emt 00:00:57]} 6. Nd5 {[%clk 01:29:59]} {[%emt
00:00:14]} Re8 {[%clk 01:22:52]} {[%emt 00:06:03]} 7. a3 {[%clk 01:28:19]}
{[%emt 00:02:11]} Bf8 {[%clk 01:22:05]} {[%emt 00:01:16]} 8. Nxf6+ {[%clk
01:17:20]} {[%emt 00:11:29]} Qxf6 {[%clk 01:22:28]} {[%emt 00:00:07]} 9. b4
{[%clk 01:17:41]} {[%emt 00:00:09]} e4 {[%clk 01:14:50]} {[%emt 00:08:08]} 10.
Bb2 {[%clk 01:17:57]} {[%emt 00:00:14]} Qg6 {[%clk 01:14:55]} {[%emt 00:00:24]}
11. Nd4 {[%clk 01:17:29]} {[%emt 00:00:59]} Nxd4 {[%clk 00:49:07]} {[%emt
00:26:19]} 12. Bxd4 {[%clk 01:17:37]} {[%emt 00:00:21]} d6 {[%clk 00:47:36]}
{[%emt 00:02:01]} 13. Bb2 {[%clk 00:52:44]} {[%emt 00:25:23]} c5 {[%clk
00:42:58]} {[%emt 00:05:08]} 14. bxc5 {[%clk 00:52:10]} {[%emt 00:01:04]} dxc5
{[%clk 00:42:07]} {[%emt 00:01:21]} 15. O-O-O {[%clk 00:52:27]} {[%emt
00:00:12]} Bd7 {[%clk 00:38:55]} {[%emt 00:03:42]} 16. h4 {[%clk 00:48:33]}
{[%emt 00:04:25]} Qa6 {[%clk 00:38:41]} {[%emt 00:00:43]} 17. Qc3 {[%clk
00:48:22]} {[%emt 00:00:42]} Ba4 {[%clk 00:36:36]} {[%emt 00:02:35]} 18. Re1
{[%clk 00:48:06]} {[%emt 00:00:45]} b5 {[%clk 00:33:41]} {[%emt 00:03:25]} 19.
cxb5 {[%clk 00:47:28]} {[%emt 00:01:09]} Bxb5 {[%clk 00:34:09]} {[%emt
00:00:02]} 20. Bxb5 {[%clk 00:47:46]} {[%emt 00:00:12]} Qxb5 {[%clk 00:34:36]}
{[%emt 00:00:02]} 21. h5 {[%clk 00:48:07]} {[%emt 00:00:10]} h6 {[%clk
00:30:32]} {[%emt 00:04:33]} 22. Rh4 {[%clk 00:47:51]} {[%emt 00:00:47]} f5
{[%clk 00:21:50]} {[%emt 00:09:12]} 23. Rf4 {[%clk 00:40:21]} {[%emt 00:08:00]}
Rab8 {[%clk 00:16:06]} {[%emt 00:06:14]} 24. Kb1 {[%clk 00:27:11]} {[%emt
00:13:39]} Rb7 {[%clk 00:08:38]} {[%emt 00:07:58]} 25. Rc1 {[%clk 00:27:15]}
{[%emt 00:00:26]} Reb8 {[%clk 00:04:32]} {[%emt 00:04:37]} 26. Rc2 {[%clk
00:25:27]} {[%emt 00:02:18]} Qd3 {[%clk 00:04:12]} {[%emt 00:00:49]} 27. Ka2
{[%clk 00:23:35]} {[%emt 00:02:21]} Rb3 {[%clk 00:02:29]} {[%emt 00:02:14]} 28.
Qe5 {[%clk 00:24:00]} {[%emt 00:00:05]} Rxa3+ {[%clk 00:01:53]} {[%emt
00:01:06]} 29. Kb1 {[%clk 00:24:22]} {[%emt 00:00:09]} Rxb2+ {[%clk 00:01:54]}
30. Kxb2 {[%clk 00:24:22]} Rb3+ 0-1